| 000 | 00817nam a2200241 a 4500 | ||
|---|---|---|---|
| 005 | 20140311163021.0 | ||
| 008 | 121115s19uu xx 00 eng d | ||
| 020 | _a9781412928229 | ||
| 050 |
_aP 90 _b.J665 2011 |
||
| 100 | _aJones, Paul | ||
| 245 |
_aKey concepts in media and communications / _cPaul Jones, David Holmes. |
||
| 260 |
_aThousand Oaks, Calif. ; London : _bSAGE, _c2011. |
||
| 300 |
_axiii, 256 p. : _bill. ; _c25 cm. |
||
| 440 | _aSAGE key concepts | ||
| 500 | _aIncludes bibliographical references and index. | ||
| 520 | _aAn approachable yet critical introduction to the basics of media and communication studies from two experts in the field. | ||
| 521 | _aMC | ||
| 650 | _aCommunication | ||
| 650 | _aMass media | ||
| 700 | _aHolmes, David | ||
| 942 |
_cBK _2lcc _kFOR |
||
| 999 |
_c39464 _d39464 |
||